Normal view
MARC view
- العلوم القرآنية-اعجاز القرآن-القرآن-الابحاث
Entry Topical Term
001 - CONTROL NUMBER
- control field: 11845
003 - CONTROL NUMBER IDENTIFIER
- control field: JO-AjAnu
005 - DATE AND TIME OF LATEST TRANSACTION
- control field: 20230606072211.0
008 - FIXED-LENGTH DATA ELEMENTS
- fixed length control field: 230606|| aca||aabn | a|a d
040 ## - CATALOGING SOURCE
- Original cataloging agency: JO-AjAnu
- Transcribing agency: JO-AjAnu
150 ## - HEADING--TOPICAL TERM
- Topical term or geographic name entry element: العلوم القرآنية-اعجاز القرآن-القرآن-الابحاث
670 ## - SOURCE DATA FOUND
- Source citation: Work cat.: (JO-AjAnu)6100: أبو خضر،مأمون يوسف, author 11844, بحوث ودراسات بلغة العلم في القرآن العظيم